La escuela extraordinaria : Exclusión, escolarización y educación inclusiva /
Uloženo v:
| Hlavní autor: | |
|---|---|
| Další autoři: | |
| Médium: | Kniha |
| Jazyk: | španělština |
| Vydáno: |
Madrid, España :
Morata,
2012, c2012
|
| Témata: | |
| On-line přístup: | Ver documento en línea |
| Tagy: |
Žádné tagy, Buďte první, kdo vytvoří štítek k tomuto záznamu!
|
MARC
| LEADER | 00000nam^a2200000^a^4500 | ||
|---|---|---|---|
| 001 | 000568689 | ||
| 005 | 20251023000000.0 | ||
| 009 | 20260310132152.702 | ||
| 022 | |a 9788471127518 | ||
| 037 | |a Acervo ITESO - Biblioteca | ||
| 041 | |a ESP | ||
| 082 | |a 370. 19 |b SLE | ||
| 100 | |a Slee, Roger |e (autor) | ||
| 245 | 1 | 3 | |a La escuela extraordinaria : |b Exclusión, escolarización y educación inclusiva / |c R. Slee ; tr. por P. Manzano Bernárdez. |
| 264 | 4 | |a Madrid, España : |b Morata, |c 2012, c2012 | |
| 264 | 2 | |a Birmingham, EUA : |b EBSCOhost [distribución], |c 2023 | |
| 300 | |a 1 libro electrónico en línea (264 p.) | ||
| 300 | |a 1 recurso en línea | ||
| 336 | |a datos para computadora |b cod |2 rdacontenido | ||
| 337 | |a computadora |b c |2 rdamedio | ||
| 338 | |a recurso en línea |b cr |2 rdasoporte | ||
| 500 | |a Traducción de: The Irregular School: Exclusion, Schooling and Inclusive Education | ||
| 506 | 0 | |a Licencias ilimitadas | |
| 521 | |a Peticiones 2023 | ||
| 649 | |a XX | ||
| 650 | |a Marginación | ||
| 650 | |a Diversidad Cultural | ||
| 650 | |a Educación Intercultural | ||
| 650 | |a Grupo Escolar Heterogéneo | ||
| 650 | |a Inclusión Educativa - |x Aspectos Sociales y Culturales | ||
| 650 | |a Inclusión Educativa - |x Tema Principal | ||
| 650 | |a Política Educativa | ||
| 650 | |a Políticas Públicas | ||
| 650 | |a Educación y Estado | ||
| 650 | |a Sociología de la Educación | ||
| 650 | |a Educación | ||
| 700 | |a Manzano Bernárdez, Pablo |e (traducción) | ||
| 856 | 4 | 0 | |u https://ezproxy.iteso.mx/login?url=https://search.ebscohost.com/login.aspx?direct=true&scope=site&db=nlebk&db=nlabk&AN=847272 |y Ver documento en línea |
| 910 | |a Fondo General | ||
| 920 | |a Electrónicos - Libros en Línea | ||
| 930 | |a Plataforma Digital | ||
| 905 | |a 205 | ||
| 901 | |a 568689-1 |b IT2 |c EBO |i C183044 |u 20250521 | ||
| 902 | |a https://opac.biblio.iteso.mx/vufind/Record/000568689 | ||